Score 0/20 Timer 03:00
1 Play Today
% Correct
Albert Relativity
98.5%
Isaac Motion
96.5%
Samuel Code
94.8%
Thomas Lamp
94.6%
Printing Gutenberg
92%
Safety Gillette
91.4%
Jonas Vaccine
91.4%
Nuclear Fermi
89.4%
Vulcanized Goodyear
88.3%
Chocolate Chip Wakefield
88.2%
% Correct
James Engine
87.7%
World Berners-Lee
86.8%
Eli Gin
83.6%
Elias Machine
82.5%
Electrical Volta
79.7%
John Television
77.2%
Amedeo Constant
72%
James Clerk Light
67.1%
Flat-Bottomed Knight
64%
The Landlord's Magie
55.9%
Remove Ads.
Support Sporcle.
Get the best of Sporcle when you Go Orange. This ad-free experience offers more features, more stats, and more fun while also helping to support Sporcle. Thank you for becoming a member.

You're not logged in!

Compare scores with friends on all Sporcle quizzes.
OR
Log In

Show Comments

Extras

Top Quizzes Today


Score Distribution

Your Account Isn't Verified!

In order to create a playlist on Sporcle, you need to verify the email address you used during registration. Go to your Sporcle Settings to finish the process.

Report this User

Report this user for behavior that violates our Community Guidelines.

Details: